|
|
|
|
| LEADER |
00000nam a22000007a 4500 |
| 005 |
20170714122348.0 |
| 007 |
cr|||| |||| |
| 008 |
170714s2011 mx |||||s||||f00||0 spa d |
| 035 |
|
|
|a 20414
|
| 040 |
|
|
|a vLex
|
| 090 |
|
|
|c 6823
|d 6823
|
| 245 |
0 |
0 |
|a Memoria del seminario
|h [Recurso electrn̤ico] /
|
| 256 |
|
|
|a Servicio en ln̕ea
|
| 260 |
|
|
|a Ciudad de Mx̌ico:
|b Cm̀ara de Diputados,
|c 2011
|
| 300 |
|
|
|a 1 recurso electrn̤ico (694 p.)
|
| 500 |
|
|
|a Actualidad y perspectivas de la distribucin̤ de competencias: federacin̤, estados y municipios 28, 29 y 30 de junio de 2011.
|
| 506 |
1 |
|
|a Disponible solo en los productos indicados
|d vLex Global
|d vLex Global (Academic Edition, excluding Law Schools)
|d vLex Global (U.S. Academic Edition, Law Schools)
|d vLex Global (U.S. Academic Edition, excluding Law Schools)
|d vLex Global (Academic Edition, Law Schools)
|
| 650 |
0 |
4 |
|a Derecho Pb︢lico y Administrativo
|z Mx̌ico
|
| 740 |
0 |
|
|a vLex Libros (Servicio en ln̕ea)
|
| 856 |
4 |
0 |
|u http://vlex.com/source/memoria-seminario-20414
|z Acceso restringido
|
| 942 |
|
|
|c BOOK
|
| 999 |
0 |
|
|a Public and Administrative Law
|